书目信息 |
| 题名: |
快速阅读
|
|
| 作者: | 巴赞 著 | |
| 分册: | ||
| 出版信息: | 北京 作家出版社 1998.12 |
|
| 页数: | 277页 | |
| 开本: | 20cm | |
| 丛书名: | ||
| 单 册: | ||
| 中图分类: | G792 | |
| 科图分类: | ||
| 主题词: | 教育--类型 | |
| 电子资源: | ||
| ISBN: | 7-5063-1430-4 | |
| 000 | 00529nam0 2200193 450 | |
| 001 | 0859685446 | |
| 005 | 20080618163608.16 | |
| 010 | @a7-5063-1430-4@dCNY14.00 | |
| 100 | @a20080618d1998 km y0chiy0120 ea | |
| 101 | 0 | @achi |
| 102 | @aCN@b110000 | |
| 200 | 1 | @a快速阅读@Akuai su yue du@f(英)巴赞著@F(ying)ba zan zhu |
| 210 | @a北京@c作家出版社@d1998.12 | |
| 215 | @a277页@d20cm | |
| 606 | 0 | @a教育@x类型 |
| 690 | @aG792@v4 | |
| 701 | 0 | @a巴赞@Aba zan@4著 |
| 801 | 0 | @aCN@b山东省滨州职业学院图书馆@c20080618 |
| 905 | @aBZT@dG792@e14 | |
| 快速阅读/(英)巴赞著.-北京:作家出版社,1998.12 |
| 277页;20cm |
| ISBN 7-5063-1430-4:CNY14.00 |
| ● |
| 相关链接 |
|
|
|
正题名:快速阅读
索取号:G792/14
 
预约/预借
| 序号 | 登录号 | 条形码 | 馆藏地/架位号 | 状态 | 备注 |
| 1 | 682421 | 2000682421 | 中心书库北库/ 北库026架B面5列3层44/ [索取号:G792/14] | 在馆 | |
| 2 | 682422 | 2000682422 | 中心书库北库/ 北库026架B面5列3层46/ [索取号:G792/14] | 在馆 | |
| 3 | 682423 | 2000682423 | 中心书库北库/ 北库026架B面5列3层42/ [索取号:G792/14] | 在馆 | |
| 4 | 682424 | 2000682424 | 中心书库北库/ 北库026架B面5列3层45/ [索取号:G792/14] | 在馆 | |
| 5 | 682425 | 2000682425 | 中心书库北库/ 北库026架B面5列3层43/ [索取号:G792/14] | 在馆 | |
| 6 | 682426 | 2000682426 | 中心书库北库/ 北库026架B面5列3层41/ [索取号:G792/14] | 在馆 |